000 00341nam a2200145Ia 4500
008 150201s2012 xx 000 0 und d
082 _a610.73677
_bM12W
100 _aWILLIAM, LINDA S.
245 _aMEDICAL SURGICAL NURSING
250 _a4TH
260 _bJAYPEE
_aINDIA
_c2012
300 _a1060
650 _aSURGERY
942 _2ddc
_cBK
_01
999 _c2265
_d2265